| 000 | 00959nam a2200325Ia 4500 | ||
|---|---|---|---|
| 001 | Z_6507 | ||
| 003 | CHAP | ||
| 008 | 220113s9999 xx 000 0 und d | ||
| 010 | _a169774 | ||
| 020 | _a968-22-0142 \ 968-22-0152-7 (obra completa) | ||
| 040 | _cCHAP | ||
| 082 | _a813.4 W43 G73 | ||
| 100 |
_aWebb, Clement Charles John, 1865- _9145002 |
||
| 240 | _aThe graduate | ||
| 245 |
_aEl graduado / _cClement Charles John Webb ; traducción Julio F. Yañez |
||
| 260 |
_aMéxico : _bArtemisa, _c |
||
| 300 | _a218 p. | ||
| 440 |
_a(Best seller gran premier; 2) _9145003 |
||
| 500 | _aTraducción de la obraen inglés: The graduate | ||
| 503 | _aej.1. donación 2013 | ||
| 650 | 0 |
_aLiteratura norteamericana _y Siglo XX _9144999 |
|
| 650 |
_aNovela norteamericana _x _x Siglo XX _9145000 |
||
| 700 | _aYañez, Julio F., tr. | ||
| 901 | _a813.4 W43 G73 | ||
| 902 | _aM | ||
| 910 | _a | ||
| 942 | _c1 | ||
| 942 | _cc1 | ||
| 999 |
_c169774 _d169774 |
||